[Event "SF Monheim 1 - Mettmann-Sport 1"]
[Site "NRW-Klasse, Gruppe 2 2010/201"]
[Date "2010.09.26"]
[Round "1.6"]
[White "Reinemer, Frank"]
[Black "Sponheim, Marko"]
[Result "1/2-1/2"]
[WhiteElo "2111"]
[BlackElo "1956"]
[PlyCount "134"]
[EventDate "2010.??.??"]

1. d4 Nf6 2. c4 c5 3. d5 b5 4. cxb5 a6 5. Nc3 axb5 6. e4 b4 7. Nb5 d6 8. Bf4 g5
9. Bxg5 Nxe4 10. Nf3 Bg7 11. Qc2 Nf6 12. Bc4 Nbd7 13. O-O Nb6 14. Rfe1 Nxc4 15.
Qxc4 Ba6 16. Nfd4 Qb6 17. Nf5 O-O 18. Nxe7+ Kh8 19. Qh4 Ng8 20. Re3 Bc8 21. g4
Bxg4 22. Qxg4 Nxe7 23. Bxe7 Rg8 24. Rg3 Bxb2 25. Nd4 Rxg4 26. Bf6+ Kg8 27.
Rxg4+ Kf8 28. Bg7+ Ke8 29. Re1+ Kd7 30. Nc6 Re8 31. Rxe8 Kxe8 32. Bxb2 f6 33.
Re4+ Kf7 34. Re6 Kg6 35. Rxd6 Qb5 36. Bxf6 Kh5 37. Bg7 Qe2 38. Rh6+ Kg5 39. h4+
Kg4 40. Re6 Qd1+ 41. Kh2 Qxd5 42. Rf6 Kxh4 43. Rh6+ Kg5 44. Ne5 Qg8 45. Nf3+
Kf4 46. Rf6+ Ke4 47. Bf8 Qg4 48. Bd6 Kd5 49. Bg3 Qh5+ 50. Kg2 c4 51. Ra6 Ke4
52. Ne5 c3 53. Ra4 c2 54. Rxb4+ Kf5 55. Nd3 Qe2 56. Rb5+ Kf6 57. Bh4+ Kf7 58.
Rf5+ Ke8 59. Rf3 Qxd3 60. Rxd3 c1=Q 61. a3 Kf7 62. Rg3 Qc6+ 63. Kh3 h5 64. Rg5
Qf3+ 65. Bg3 Qh1+ 66. Bh2 Qf3+ 67. Bg3 Qh1+ 1/2-1/2

[Event "SF Monheim 1 - Mettmann-Sport 1"]
[Site "NRW-Klasse, Gruppe 2 2010/201"]
[Date "2010.09.26"]
[Round "1.7"]
[White "Schatzschneider, Karl Immo"]
[Black "Deppe, Arne"]
[Result "0-1"]
[WhiteElo "2035"]
[BlackElo "2043"]
[PlyCount "70"]
[EventDate "2010.??.??"]

1. e4 e5 2. Nf3 Nc6 3. Bb5 a6 4. Ba4 d6 5. c3 f5 6. d3 fxe4 7. dxe4 Be7 8. Qd5
Nf6 9. Qd3 b5 10. Bc2 Be6 11. Nbd2 Nh5 12. h3 O-O 13. g3 Qd7 14. Bb3 Rf7 15.
Bxe6 Qxe6 16. a4 b4 17. c4 Raf8 18. b3 Nd4 19. Nxd4 exd4 20. f4 g5 21. Bb2 gxf4
22. gxf4 Bh4+ 23. Kd1 Nxf4 24. Rg1+ Ng6 25. Bxd4 Bf2 26. Bxf2 Rxf2 27. Qd5 Qxd5
28. exd5 Rh2 29. Ne4 Rf3 30. Rb1 Rhxh3 31. Kc2 Rh2+ 32. Kd1 Kg7 33. Ng5 Rff2
34. Ne6+ Kh6 35. Nxc7 Nf4 0-1

[Event "SF Monheim 1 - Mettmann-Sport 1"]
[Site "NRW-Klasse, Gruppe 2 2010/201"]
[Date "2010.09.26"]
[Round "1.8"]
[White "Weisshaupt, Rainer"]
[Black "Stanislowski, Detlev"]
[Result "1/2-1/2"]
[WhiteElo "1976"]
[BlackElo "1879"]
[PlyCount "24"]
[EventDate "2010.??.??"]

1. b3 e5 2. Bb2 Nc6 3. e3 d5 4. Bb5 Bd6 5. Bxc6+ bxc6 6. d3 Nf6 7. Nd2 O-O 8.
Ne2 c5 9. Ng3 Qe7 10. O-O Bg4 11. f3 Bd7 12. Qe2 Rfe8 1/2-1/2

[Event "SV Erkenschwick 1 - Kölner SK Dr. Laske"]
[Site "NRW-Klasse, Gruppe 2 2010/201"]
[Date "2010.09.26"]
[Round "1.1"]
[White "Marcziter, Dmitrii"]
[Black "Bitalzadeh, Ali"]
[Result "0-1"]
[WhiteElo "2243"]
[BlackElo "2420"]
[PlyCount "102"]
[EventDate "2010.??.??"]

1. d4 Nf6 2. Nf3 g6 3. c4 Bg7 4. g3 O-O 5. Bg2 d6 6. O-O Nc6 7. d5 Na5 8. Nfd2
c5 9. Nc3 a6 10. Qc2 Rb8 11. Rb1 b5 12. b3 e6 13. Bb2 e5 14. h3 Nh5 15. e3 f5
16. Ne2 Rb7 17. f4 exf4 18. exf4 Re8 19. Rf2 Bxb2 20. Rxb2 Nf6 21. Nc3 h5 22.
cxb5 axb5 23. b4 cxb4 24. Rxb4 Qc7 25. Qd3 Qc5 26. Qd4 Qxd4 27. Rxd4 b4 28. Ne2
Re3 29. Nf1 Ra3 30. Nc1 Rc7 31. Nd3 b3 32. axb3 Nxb3 33. Rb4 Ba6 34. Ne1 Nc5
35. Nc2 Rd3 36. Rb8+ Kf7 37. Nb4 Ra3 38. Nxa6 Rxa6 39. Rfb2 Ra3 40. Kh2 Rd3 41.
Rd2 Nfe4 42. Rxd3 Nxd3 43. Ne3 Rc3 44. Rb7+ Kf6 45. Bxe4 fxe4 46. Rd7 Ne1 47.
Rxd6+ Kf7 48. Nd1 Rd3 49. Nf2 Rd2 50. Kg1 e3 51. Ne4 Nf3+ 0-1

[Event "SV Erkenschwick 1 - Kölner SK Dr. Laske"]
[Site "NRW-Klasse, Gruppe 2 2010/201"]
[Date "2010.09.26"]
[Round "1.2"]
[White "Erwich, Marc"]
[Black "Loseries, Uwe"]
[Result "1-0"]
[WhiteElo "2296"]
[BlackElo "2096"]
[Annotator ",Daniel"]
[PlyCount "113"]
[EventDate "2010.??.??"]

1. e4 c6 2. d4 d5 3. Nc3 dxe4 4. Nxe4 Bf5 5. Ng3 Bg6 6. Nf3 Nd7 7. h4 h6 8. h5
Bh7 9. Bd3 Bxd3 10. Qxd3 e6 11. Bd2 Ngf6 12. O-O-O Be7 13. c4 b5 14. cxb5 cxb5
15. Ne4 Nxe4 16. Qxe4 O-O 17. Kb1 Nf6 18. Qc6 Qd5 19. Qxd5 Nxd5 $11 20. g4 f6
21. Nh4 Rfd8 22. Ng6 Bb4 23. Bc1 Ne7 24. a3 Nxg6 25. hxg6 Ba5 26. f4 Bb6 27.
Rde1 Re8 28. Rh5 Bxd4 29. Rxb5 e5 30. f5 Reb8 31. Rxb8+ Rxb8 32. b4 a5 33. Bd2
Kf8 34. Kc2 axb4 35. axb4 Ke7 36. Kd3 Kd6 37. Ke4 Ra8 38. Be3 Bxe3 39. Rxe3 Ra1
40. Rd3+ Kc6 41. b5+ Kc5 42. Rd7 Ra4+ 43. Kf3 Rf4+ 44. Kg3 h5 45. gxh5 Rxf5 46.
Rxg7 Rxh5 47. Rg8 Kb6 48. g7 Kb7 49. Kf3 Rg5 50. Ke4 Rg2 51. Kd5 e4 52. Ke6 e3
53. Kf7 f5 54. Re8 f4 55. g8=Q Rxg8 56. Kxg8 Kb6 57. Re5 1-0

[Event "SV Erkenschwick 1 - Kölner SK Dr. Laske"]
[Site "NRW-Klasse, Gruppe 2 2010/201"]
[Date "2010.09.26"]
[Round "1.3"]
[White "di Franco, Patricio"]
[Black "Willemze, Thomas"]
[Result "0-1"]
[WhiteElo "2079"]
[BlackElo "2361"]
[Annotator ",Daniel"]
[PlyCount "64"]
[EventDate "2010.??.??"]

1. d4 Nf6 2. c4 e6 3. g3 c5 4. d5 b5 5. dxe6 fxe6 6. Bg2 d5 7. cxd5 Bb7 8. Bg5
Be7 9. Bxf6 Bxf6 10. Nc3 O-O 11. Nh3 b4 12. Na4 Be7 13. Nf4 $11 Rxf4 14. gxf4
Qd6 15. Rc1 Na6 16. e3 Rf8 17. b3 exd5 18. Rg1 Bf6 19. Bf1 Kh8 20. Bd3 g6 21.
h4 Bxh4 22. Rh1 Qe7 23. Qe2 c4 24. Bb1 d4 25. Rxh4 Qxh4 26. Qxc4 Rd8 27. Qb5
Qh1+ 28. Qf1 Qh4 29. Qb5 dxe3 30. Qe5+ Kg8 31. Qxe3 Kf8 32. Qg3 Qh1+ 0-1

[Event "SV Erkenschwick 1 - Kölner SK Dr. Laske"]
[Site "NRW-Klasse, Gruppe 2 2010/201"]
[Date "2010.09.26"]
[Round "1.4"]
[White "Erwich, Frank A.S"]
[Black "van Muenster, Kirsten"]
[Result "1-0"]
[WhiteElo "2282"]
[BlackElo "2081"]
[Annotator ",Daniel"]
[PlyCount "109"]
[EventDate "2010.??.??"]

1. c4 Nf6 2. Nc3 d5 3. cxd5 Nxd5 4. Nf3 g6 5. Qa4+ Bd7 6. Qh4 Nxc3 7. Qd4 f6 8.
Qxc3 Nc6 9. e4 e5 10. a3 Qe7 $11 11. Bc4 Be6 12. Bb5 Qc5 13. Qxc5 Bxc5 14. b4
Bb6 15. Bb2 Bd7 $11 16. Be2 Bg4 17. b5 Bxf3 18. Bxf3 Nd4 $11 19. Bxd4 Bxd4 20.
Rc1 Bb6 21. Ke2 a6 22. a4 axb5 $11 23. axb5 Ke7 24. h4 Ra2 25. Ra1 Rha8 26.
Rxa2 Rxa2 27. h5 g5 $11 28. h6 Ba5 29. Rd1 Kf7 30. Bh5+ Kg8 31. Bg4 Kf7 32. Bf5
Bb4 33. Bxh7 Bf8 34. Rh1 Bb4 35. Bg6+ Kg8 36. Bf7+ Kxf7 37. h7 Rxd2+ 38. Ke3
Rd8 39. h8=Q Rxh8 40. Rxh8 Ke6 41. Rb8 b6 42. Kd3 Bc5 43. f3 Kd6 44. Rb7 Bf2
45. Kc4 Bc5 46. Ra7 c6 47. Rf7 cxb5+ 48. Kxb5 Ke6 49. Rc7 Bd4 50. Rc6+ Kf7 51.
g4 Ke7 52. Kc4 Kf7 53. Kd5 Be3 54. Rc7+ Kg6 55. Ke6 1-0

[Event "SV Erkenschwick 1 - Kölner SK Dr. Laske"]
[Site "NRW-Klasse, Gruppe 2 2010/201"]
[Date "2010.09.26"]
[Round "1.5"]
[White "Hoeren, Andreas"]
[Black "Krings, Christoph"]
[Result "1/2-1/2"]
[WhiteElo "2090"]
[BlackElo "2123"]
[PlyCount "27"]
[EventDate "2010.??.??"]

1. d4 e6 2. Nf3 f5 3. c4 Nf6 4. g3 Be7 5. Bg2 d6 6. O-O O-O 7. Nc3 a5 8. Re1
Ne4 9. Nxe4 fxe4 10. Nd2 d5 11. f3 exf3 12. Bxf3 c5 13. cxd5 exd5 14. Qb3
1/2-1/2

[Event "SV Erkenschwick 1 - Kölner SK Dr. Laske"]
[Site "NRW-Klasse, Gruppe 2 2010/201"]
[Date "2010.09.26"]
[Round "1.6"]
[White "Homs, Guust"]
[Black "Cramer, Volker"]
[Result "1-0"]
[WhiteElo "2077"]
[BlackElo "2054"]
[PlyCount "97"]
[EventDate "2010.??.??"]

1. e4 e6 2. d4 d5 3. Nc3 Nf6 4. Bg5 Be7 5. e5 Nfd7 6. Bxe7 Qxe7 7. f4 O-O 8.
Nf3 f6 9. exf6 Nxf6 10. Bd3 c5 11. O-O Nc6 12. dxc5 Qxc5+ 13. Kh1 Nb4 14. Ne5
Nxd3 15. Qxd3 b6 16. Rad1 Bb7 17. Qd4 Rae8 18. g3 Re7 19. Kg1 Ne8 20. Rfe1 Nd6
21. Nf3 Nf5 22. Qxc5 bxc5 23. Na4 d4 24. Ne5 Rc7 25. b3 h5 26. Nd3 c4 27. Ndc5
cxb3 28. cxb3 Rfc8 29. b4 Bd5 30. a3 Kf7 31. Nb2 h4 32. g4 Ne3 33. Rd2 h3 34.
Nbd3 Nxg4 35. Ne5+ Nxe5 36. Rxe5 a5 37. Rxd4 axb4 38. axb4 Ra7 39. Re2 Ra1+ 40.
Kf2 Bg2 41. Rd7+ Kg8 42. Kg3 Rg1 43. Kh4 Bf1 44. Re1 Rf8 45. Nxe6 Rf6 46. Rd8+
Kh7 47. Ng5+ Kg6 48. Nxh3 Bxh3 49. Rxg1+ 1-0

[Event "SV Erkenschwick 1 - Kölner SK Dr. Laske"]
[Site "NRW-Klasse, Gruppe 2 2010/201"]
[Date "2010.09.26"]
[Round "1.7"]
[White "Eckler, Klaus"]
[Black "Eggenstein, Frank"]
[Result "1/2-1/2"]
[WhiteElo "2030"]
[BlackElo "2022"]
[PlyCount "38"]
[EventDate "2010.??.??"]

1. Nf3 f5 2. g3 d6 3. d4 Nf6 4. Bg2 g6 5. O-O Bg7 6. c4 O-O 7. Nc3 Qe8 8. Re1
e5 9. dxe5 dxe5 10. e4 f4 11. gxf4 Nh5 12. f5 gxf5 13. exf5 Nc6 14. Nd5 Qf7 15.
Be3 Bxf5 16. Nh4 Be6 17. Nxc7 Rad8 18. Nd5 Nf6 19. Qe2 Nxd5 1/2-1/2

[Event "SV Erkenschwick 1 - Kölner SK Dr. Laske"]
[Site "NRW-Klasse, Gruppe 2 2010/201"]
[Date "2010.09.26"]
[Round "1.8"]
[White "Strozewski, Frank"]
[Black "Diesner, Michael"]
[Result "0-1"]
[WhiteElo "1959"]
[BlackElo "2045"]
[PlyCount "88"]
[EventDate "2010.??.??"]

1. c4 e5 2. Nc3 Nf6 3. e4 Bb4 4. d3 Bxc3+ 5. bxc3 O-O 6. g3 c6 7. Bg2 d5 8.
cxd5 cxd5 9. exd5 Nxd5 10. Ne2 Nc6 11. O-O Bg4 12. Bb2 Qd7 13. Re1 Rad8 14. Qd2
Nb6 15. Rad1 Nc4 16. Qc1 Nxb2 17. Qxb2 Rfe8 18. f3 Bf5 19. Nc1 Re6 20. Nb3 b6
21. Nc1 Rd6 22. Bf1 f6 23. Qf2 Kh8 24. f4 exf4 25. Qxf4 Ne5 26. d4 Bg4 27. Be2
Bxe2 28. Rxe2 g5 29. Qf2 g4 30. Nd3 Nf3+ 31. Kf1 Rd5 32. Nf4 Rf5 33. Qe3 Re5
34. Qd3 Rxe2 35. Qxe2 Re8 36. Qc2 Qc6 37. d5 Qc5 38. Ne2 Qe3 39. Rd3 Nxh2+ 40.
Ke1 Nf3+ 41. Kf1 Qh6 42. Rxf3 Qh3+ 43. Kf2 Qh2+ 44. Kf1 gxf3 0-1

[Event "SC Klein-Berlin Rheine 1 - Bielefelder "]
[Site "NRW-Klasse, Gruppe 2 2010/201"]
[Date "2010.09.26"]
[Round "1.1"]
[White "Gruen, Gerd-Peter"]
[Black "van Assendelft, Floris"]
[Result "1/2-1/2"]
[WhiteElo "2327"]
[BlackElo "2357"]
[PlyCount "148"]
[EventDate "2010.??.??"]

1. d4 d6 2. g3 e5 3. dxe5 dxe5 4. Qxd8+ Kxd8 5. f4 exf4 6. Bxf4 Ne7 7. Nc3 Ng6
8. O-O-O+ Nd7 9. Nf3 Nxf4 10. gxf4 c6 11. e4 Bb4 12. Ne2 Ke7 13. Ned4 g6 14. c3
Bc5 15. Bc4 Nb6 16. Bb3 Bg4 17. Rd3 Bd6 18. e5 Bc5 19. Ng5 Nd5 20. Bxd5 cxd5
21. h3 Be6 22. h4 h6 23. Ngf3 h5 24. Ng5 Rac8 25. Rf1 Bxd4 26. Rxd4 Rhd8 27.
Rfd1 Rc5 28. Nh7 Bg4 29. R1d2 Ke6 30. Nf6 Bf5 31. Kd1 a5 32. c4 Bg4+ 33. Ke1 b5
34. Nxd5 Rxc4 35. Nc7+ Rxc7 36. Rxd8 Kf5 37. R8d4 Bf3 38. Rd7 Rc1+ 39. Kf2 Bg4
40. Ke3 Re1+ 41. Kd4 Kxf4 42. Rxf7+ Kg3 43. Rf6 Bf5 44. Rb6 b4 45. Rb5 Kxh4 46.
Rxa5 Kg3 47. a3 b3 48. Rb5 Re4+ 49. Kd5 Re3 50. a4 h4 51. a5 h3 52. a6 h2 53.
Rxh2 Kxh2 54. a7 Re1 55. Rxb3 g5 56. Kd4 Re4+ 57. Kc3 Re3+ 58. Kd2 Rxb3 59.
a8=Q g4 60. Qf8 g3 61. Qxf5 g2 62. Qf4+ Kh3 63. Qh6+ Kg3 64. Qg6+ Kh2 65. Qh6+
Kg3 66. Qg5+ Kh2 67. Qh4+ Rh3 68. Qf4+ Kh1 69. Qf5 Kh2 70. Qf4+ Kh1 71. Qe4 Kh2
72. Qe2 Kh1 73. Qe4 Kh2 74. Qf4+ Kh1 1/2-1/2

[Event "SC Klein-Berlin Rheine 1 - Bielefelder "]
[Site "NRW-Klasse, Gruppe 2 2010/201"]
[Date "2010.09.26"]
[Round "1.2"]
[White "Ottens, Stephan"]
[Black "Forchert, Martin"]
[Result "0-1"]
[WhiteElo "2162"]
[BlackElo "2385"]
[PlyCount "88"]
[EventDate "2010.??.??"]

1. e4 Nf6 2. e5 Nd5 3. d4 d6 4. Nf3 dxe5 5. Nxe5 c6 6. Be2 g6 7. O-O Bg7 8. c4
Nc7 9. Nc3 Nd7 10. Nxd7 Qxd7 11. Be3 O-O 12. Qd2 b6 13. Bf3 Bb7 14. Rad1 Rad8
15. Bh6 e5 16. dxe5 Qxd2 17. Bxd2 Bxe5 18. Bh6 Rfe8 19. Ne4 Ne6 20. b3 f5 21.
Ng5 Nd4 22. Rfe1 Bf6 23. Rxe8+ Rxe8 24. Kf1 a5 25. Rd3 a4 26. Bd1 axb3 27. axb3
c5 28. Nf3 Be4 29. Re3 Ra8 30. Nxd4 Bxd4 31. Re1 Ra1 32. Bf3 Bd3+ 33. Be2 Bc2
34. Rxa1 Bxa1 35. Bg5 Bc3 36. Bd8 Ba5 37. b4 cxb4 38. c5 b3 39. Bc4+ Kf8 40.
Bxb3 Bxb3 41. cxb6 Bc4+ 42. Kg1 Bb4 43. b7 Bd6 44. Bb6 Bb8 0-1

[Event "SC Klein-Berlin Rheine 1 - Bielefelder "]
[Site "NRW-Klasse, Gruppe 2 2010/201"]
[Date "2010.09.26"]
[Round "1.3"]
[White "Goeßling, Guido"]
[Black "Bruemmer, Frank"]
[Result "0-1"]
[WhiteElo "2188"]
[BlackElo "2184"]
[PlyCount "72"]
[EventDate "2010.??.??"]

1. e4 e6 2. d4 d5 3. Nc3 Nf6 4. e5 Nfd7 5. f4 c5 6. Nf3 Nc6 7. Be3 Be7 8. Qd2
O-O 9. O-O-O c4 10. f5 Rb8 11. f6 gxf6 12. Bh6 b5 13. Qf4 Kh8 14. Bxf8 Nxf8 15.
exf6 Bxf6 16. h4 Rb7 17. g4 Ng6 18. Qh6 Bg7 19. Qe3 h6 20. h5 Nge7 21. Qf4 Ng8
22. Kb1 Bf8 23. g5 hxg5 24. Nxg5 f6 25. Nf3 Bh6 26. Qh2 b4 27. Na4 b3 28. cxb3
cxb3 29. a3 e5 30. dxe5 d4 31. Ba6 Bf5+ 32. Ka1 Rb4 33. Nc5 Qa5 34. Bd3 Bg4 35.
Qg3 Qxc5 36. Qxg4 Ra4 0-1

[Event "SC Klein-Berlin Rheine 1 - Bielefelder "]
[Site "NRW-Klasse, Gruppe 2 2010/201"]
[Date "2010.09.26"]
[Round "1.4"]
[White "Buendgen, Achim"]
[Black "Wagenknecht, Uwe"]
[Result "1/2-1/2"]
[WhiteElo "2138"]
[BlackElo "2172"]
[PlyCount "48"]
[EventDate "2010.??.??"]

1. d4 Nf6 2. Bg5 Ne4 3. h4 h6 4. Bf4 d5 5. Nd2 Bf5 6. Nxe4 Bxe4 7. f3 Bh7 8. e3
c6 9. Bd3 Bxd3 10. Qxd3 Qb6 11. Ne2 Nd7 12. O-O-O e6 13. e4 Be7 14. g4 O-O-O
15. exd5 cxd5 16. g5 hxg5 17. hxg5 g6 18. Qe3 Bd6 19. Bxd6 Qxd6 20. Nf4 Kb8 21.
Nd3 Rc8 22. c3 Qg3 23. Qf4+ Qxf4+ 24. Nxf4 Nb6 1/2-1/2

[Event "SC Klein-Berlin Rheine 1 - Bielefelder "]
[Site "NRW-Klasse, Gruppe 2 2010/201"]
[Date "2010.09.26"]
[Round "1.5"]
[White "Simon, Hans Christian"]
[Black "Kuempers, Ulrich"]
[Result "1-0"]
[WhiteElo "2148"]
[BlackElo "2023"]
[PlyCount "115"]
[EventDate "2010.??.??"]

1. Nf3 Nf6 2. c4 g6 3. Nc3 Bg7 4. g3 O-O 5. Bg2 d6 6. d4 Nbd7 7. O-O e5 8. e4
exd4 9. Nxd4 a6 10. b3 Re8 11. Re1 Rb8 12. Bb2 Nc5 13. Qc2 Ng4 14. Rad1 f5 15.
h3 Nh6 16. Qd2 fxe4 17. Nxe4 Nxe4 18. Bxe4 Bxh3 19. Bd5+ Nf7 20. Be6 Bxe6 21.
Nxe6 Rxe6 22. Rxe6 Ng5 23. Re3 Bxb2 24. Qxb2 Qf8 25. f4 Nf7 26. Qf6 Nh6 27.
Qxf8+ Kxf8 28. c5 Nf5 29. cxd6 cxd6 30. Rc3 h5 31. Kf2 Kf7 32. Rc7+ Kf6 33. Rd3
a5 34. Rd5 b6 35. Rc6 b5 36. Rd3 a4 37. b4 Ke6 38. Rc2 d5 39. Rc6+ Nd6 40. Kf3
Rd8 41. Rc5 Nc4 42. Rxb5 d4 43. Rc5 Nb2 44. Rd2 a3 45. Ke4 d3 46. Rc6+ Kf7 47.
Rc3 Re8+ 48. Kf3 g5 49. Rxa3 g4+ 50. Kf2 Nc4 51. Ra7+ Kf6 52. Rxd3 h4 53. gxh4
Kf5 54. Rf7+ Ke4 55. Rd1 Ra8 56. Re1+ Kd3 57. Rd7+ Kc3 58. Rc1+ 1-0

[Event "SC Klein-Berlin Rheine 1 - Bielefelder "]
[Site "NRW-Klasse, Gruppe 2 2010/201"]
[Date "2010.09.26"]
[Round "1.7"]
[White "Gruettemeier, Uwe"]
[Black "Koesters, Michael"]
[Result "1-0"]
[WhiteElo "2078"]
[BlackElo "1553"]
[PlyCount "57"]
[EventDate "2010.??.??"]

1. d4 d5 2. c4 dxc4 3. Nf3 Nf6 4. Nc3 c5 5. d5 e6 6. e4 exd5 7. e5 d4 8. Bxc4
Be6 9. Bxe6 fxe6 10. exf6 Qa5 11. f7+ Kxf7 12. Ne5+ Ke8 13. Qh5+ g6 14. Nxg6
hxg6 15. Qxh8 dxc3 16. O-O Nc6 17. Bh6 Kf7 18. Qh7+ Kf6 19. Qh8+ Kf7 20. Bg5
Nd4 21. Qf6+ Ke8 22. Rfe1 Kd7 23. Rad1 Bd6 24. Rxe6 Nxe6 25. Qe7+ Kc6 26. Rxd6+
Kb5 27. Qxb7+ Qb6 28. a4+ Kc4 29. Qd5+ 1-0

[Event "SC Klein-Berlin Rheine 1 - Bielefelder "]
[Site "NRW-Klasse, Gruppe 2 2010/201"]
[Date "2010.09.26"]
[Round "1.8"]
[White "Hemmert, Michael"]
[Black "Burg, Michael"]
[Result "1-0"]
[WhiteElo "1846"]
[BlackElo "1936"]
[PlyCount "129"]
[EventDate "2010.??.??"]

1. d4 d5 2. Bf4 Nf6 3. e3 c5 4. c3 e6 5. Nf3 Bd6 6. Bxd6 Qxd6 7. Nbd2 O-O 8.
Ne5 Ne4 9. Bd3 cxd4 10. exd4 Nxd2 11. Qxd2 f6 12. Nf3 Nc6 13. O-O e5 14. dxe5
Nxe5 15. Be4 Be6 16. Rad1 Rad8 17. Qc2 f5 18. Nxe5 fxe4 19. Nc4 Qf4 20. Ne3 Rf6
21. Qe2 Rh6 22. g3 Qc7 23. f4 Bf7 24. Ng4 Ra6 25. a3 Rb6 26. Ne5 Be8 27. Qf2
Bb5 28. Rfe1 Rbd6 29. Rd4 Qe7 30. Red1 a6 31. Qd2 Qf6 32. b3 g5 33. a4 gxf4 34.
Qxf4 Qxf4 35. gxf4 Bc6 36. Kf2 Rf6 37. Ke3 Rdf8 38. Rg1+ Kh8 39. Rg4 Rg8 40.
Rxg8+ Kxg8 41. c4 dxc4 42. Nxc6 cxb3 43. Ne7+ Kf8 44. Nd5 Rh6 45. Kxe4 Rxh2 46.
Rb4 Ra2 47. Nc3 Ra3 48. Kd4 b5 49. axb5 axb5 50. Nxb5 Ra6 51. Rxb3 Kf7 52. Ke4
Re6+ 53. Kf3 h6 54. Nd4 Rd6 55. Ke4 Kf6 56. Rh3 Kf7 57. Nf5 Re6+ 58. Kd5 Rf6
59. Nxh6+ Kg7 60. f5 Ra6 61. Ke5 Ra5+ 62. Kf4 Ra4+ 63. Kg5 Ra5 64. Rb3 Ra7 65.
Rb6 1-0

[Event "SK Münster 2 - Elberfelder SG 1"]
[Site "NRW-Klasse, Gruppe 2 2010/201"]
[Date "2010.09.26"]
[Round "1.1"]
[White "Odendahl, Reiner"]
[Black "Emunds, Hans Georg"]
[Result "1/2-1/2"]
[WhiteElo "2303"]
[BlackElo "2138"]
[PlyCount "82"]
[EventDate "2010.??.??"]

1. Nf3 Nf6 2. c4 b6 3. g3 Bb7 4. Bg2 e6 5. d4 Be7 6. Nc3 Ne4 7. Qc2 Nxc3 8.
Qxc3 O-O 9. Bf4 d6 10. O-O Nd7 11. Rfd1 Be4 12. Qe3 d5 13. cxd5 Bxd5 14. Qd3
Nf6 15. Ne5 Bxg2 16. Kxg2 Qd5+ 17. Qf3 Bd6 18. Nc6 Rfe8 19. Qxd5 Nxd5 20. Kf3
f5 21. Rac1 a5 22. a3 a4 23. e3 b5 24. Ke2 Ra6 25. Rc2 Rb6 26. Bxd6 cxd6 27.
Nb4 Nxb4 28. axb4 Kf7 29. Rc7+ Re7 30. Rdc1 Rb7 31. R7c6 Red7 32. Kd3 Ke7 33.
R1c3 g5 34. h3 h5 35. Rc8 Kf6 36. Rf8+ Rf7 37. Rd8 Rb6 38. Rh8 Kg6 39. Rg8+ Kf6
40. Rh8 Kg6 41. Rg8+ Kf6 1/2-1/2

[Event "SK Münster 2 - Elberfelder SG 1"]
[Site "NRW-Klasse, Gruppe 2 2010/201"]
[Date "2010.09.26"]
[Round "1.2"]
[White "Chilla, Jan Eric"]
[Black "Mantler, Hendrik"]
[Result "1/2-1/2"]
[WhiteElo "2079"]
[BlackElo "2136"]
[PlyCount "43"]
[EventDate "2010.??.??"]

1. d4 Nf6 2. c4 e6 3. Nf3 d5 4. Nc3 Nbd7 5. Bg5 Bb4 6. cxd5 exd5 7. e3 c5 8.
Bxf6 Qxf6 9. a3 Bxc3+ 10. bxc3 c4 11. Be2 O-O 12. O-O Nb6 13. Ne1 Bd7 14. g3
Na4 15. Qd2 Rfe8 16. Ng2 Qd6 17. Bd1 b5 18. f3 Bf5 19. Bc2 Bxc2 20. Qxc2 Qg6
21. Qxg6 hxg6 22. Rfc1 1/2-1/2

[Event "SK Münster 2 - Elberfelder SG 1"]
[Site "NRW-Klasse, Gruppe 2 2010/201"]
[Date "2010.09.26"]
[Round "1.3"]
[White "Kurr, Gerd"]
[Black "Mueschenich, Stefan"]
[Result "1/2-1/2"]
[WhiteElo "2160"]
[BlackElo "2081"]
[Annotator ",Daniel"]
[PlyCount "65"]
[EventDate "2010.??.??"]

1. d4 Nf6 2. Nf3 c5 3. c3 e6 4. Bg5 b6 5. e3 Be7 6. Nbd2 h6 7. Bh4 O-O 8. Bd3
Ba6 9. Bxa6 Nxa6 10. O-O Qc8 11. Qe2 Nb8 12. a4 Qa6 13. Qxa6 Nxa6 14. Ne5 Nb8
15. a5 b5 16. dxc5 g5 17. Bg3 Bxc5 18. Nb3 Be7 19. Nd4 a6 20. c4 bxc4 21. Nxc4
Ne4 22. Nb6 Ra7 23. Rfc1 Bf6 24. Rc7 Rxc7 25. Bxc7 Bxd4 26. exd4 Nf6 27. b4 Nc6
28. b5 axb5 29. a6 Nd5 $11 30. Nxd7 Ra8 31. Nb6 Nxb6 32. Bxb6 b4 33. Kf1
1/2-1/2

[Event "SK Münster 2 - Elberfelder SG 1"]
[Site "NRW-Klasse, Gruppe 2 2010/201"]
[Date "2010.09.26"]
[Round "1.4"]
[White "Davenport, Darcy"]
[Black "Wunsch, Axel"]
[Result "1-0"]
[WhiteElo "2079"]
[BlackElo "2122"]
[PlyCount "93"]
[EventDate "2010.??.??"]

1. Nf3 Nf6 2. c4 g6 3. g3 Bg7 4. Bg2 O-O 5. O-O c5 6. d4 cxd4 7. Nxd4 Nc6 8.
Nc3 Qb6 9. Nc2 d6 10. b3 Be6 11. Qd2 Rac8 12. Bb2 Rfe8 13. Rab1 Qa5 14. Rfd1
Qh5 15. f3 Bh6 16. Qe1 a6 17. a4 Bh3 18. Nd5 Bxg2 19. Kxg2 Qf5 20. e4 Qe6 21.
Nce3 Ne5 22. Nxf6+ exf6 23. Nd5 b5 24. f4 Nd7 25. axb5 axb5 26. Rbc1 bxc4 27.
bxc4 Bg7 28. f5 Qxe4+ 29. Qxe4 Rxe4 30. Re1 Rce8 31. Rxe4 Rxe4 32. Kf3 Re8 33.
Bd4 Ne5+ 34. Bxe5 fxe5 35. f6 Bf8 36. Ke4 h5 37. Ra1 Rc8 38. Ne7+ Bxe7 39. fxe7
Re8 40. Ra7 f5+ 41. Kd5 Kf7 42. Kxd6 e4 43. c5 g5 44. c6 Kf6 45. c7 f4 46. gxf4
gxf4 47. Ra4 1-0

[Event "SK Münster 2 - Elberfelder SG 1"]
[Site "NRW-Klasse, Gruppe 2 2010/201"]
[Date "2010.09.26"]
[Round "1.5"]
[White "Noetzel, Frank"]
[Black "Wellen, Hendrik"]
[Result "1-0"]
[WhiteElo "2208"]
[BlackElo "2045"]
[PlyCount "65"]
[EventDate "2010.??.??"]

1. e4 Nf6 2. e5 Nd5 3. d4 d6 4. Nf3 dxe5 5. Nxe5 c6 6. Nd2 Nd7 7. Ndf3 Nxe5 8.
Nxe5 Bf5 9. Qf3 Be6 10. c3 g6 11. Bd3 Bg7 12. O-O O-O 13. Re1 a5 14. Qg3 Qc8
15. Qh4 Re8 16. Bh6 Bf6 17. Qg3 Bf5 18. Re2 a4 19. a3 Bxd3 20. Qxd3 b5 21. Rae1
Ra7 22. Qg3 c5 23. Qf3 e6 24. Ng4 Be7 25. dxc5 Qxc5 26. Re5 Rd8 27. Be3 Nxe3
28. Rxc5 Bxc5 29. Nf6+ Kg7 30. fxe3 Rd3 31. Qe4 Rxe3 32. Rxe3 Kxf6 33. Qe5+ 1-0

[Event "SK Münster 2 - Elberfelder SG 1"]
[Site "NRW-Klasse, Gruppe 2 2010/201"]
[Date "2010.09.26"]
[Round "1.6"]
[White "Kammers, Heribert"]
[Black "Wicht, Juergen"]
[Result "0-1"]
[WhiteElo "2053"]
[BlackElo "2069"]
[PlyCount "80"]
[EventDate "2010.??.??"]

1. d4 Nf6 2. c4 g6 3. Nc3 Bg7 4. e4 d6 5. f4 O-O 6. Nf3 c5 7. d5 e6 8. Be2 exd5
9. exd5 Na6 10. O-O Bd7 11. Bd3 Qc8 12. a3 Rb8 13. Nh4 b5 14. f5 bxc4 15. Bxc4
Nc7 16. Bf4 Rb6 17. Qd2 Bb5 18. Nxb5 Nxb5 19. Bxb5 Rxb5 20. fxg6 hxg6 21. Bh6
Qg4 22. Bxg7 Kxg7 23. Rf4 Rxb2 24. Qc1 Qe2 25. Qc3 Qe5 26. Qf3 Rxg2+ 27. Kxg2
Qxa1 28. Nf5+ gxf5 29. Qg3+ Ng4 30. Rxf5 Qb2+ 31. Kh3 Qxh2+ 32. Kxg4 Qxg3+ 33.
Kxg3 Rb8 34. Rf3 Rb2 35. Rd3 f5 36. Kf4 Kf6 37. Rh3 Rf2+ 38. Ke3 Rg2 39. Kf3
Rg4 40. Rh7 Ra4 0-1

[Event "SK Münster 2 - Elberfelder SG 1"]
[Site "NRW-Klasse, Gruppe 2 2010/201"]
[Date "2010.09.26"]
[Round "1.7"]
[White "Prange, Stefan"]
[Black "Niermann, Rainer"]
[Result "1/2-1/2"]
[WhiteElo "2155"]
[BlackElo "1993"]
[PlyCount "51"]
[EventDate "2010.??.??"]

1. d4 e6 2. Nf3 c5 3. c4 cxd4 4. Nxd4 Nf6 5. Nc3 Nc6 6. e4 Bb4 7. Nxc6 dxc6 8.
Bd3 e5 9. O-O O-O 10. Bg5 h6 11. Bh4 Be6 12. Qe2 Be7 13. Bg3 Qc7 14. Rac1 Rfd8
15. Rfd1 Rd4 16. Nd5 cxd5 17. cxd5 Bg4 18. Rxc7 Bxe2 19. Bxe2 Rxd1+ 20. Bxd1
Bd6 21. Rc4 b5 22. Rc6 Nxe4 23. Bh4 Bf8 24. f3 Nd6 25. Bg3 Nc4 26. Be2 1/2-1/2